| 000 | 01188nam a2200361 a 4500 | ||
|---|---|---|---|
| 001 | 4486921 | ||
| 003 | OSt | ||
| 005 | 20140310182855.0 | ||
| 008 | 961107s1995 ph af 000 0 eng | ||
| 010 | _a 96946043 | ||
| 020 | _a9712704947 (pbk.) | ||
| 020 | _a9712704998 (hard) | ||
| 040 |
_aDLC _cDLC |
||
| 042 | _alcode | ||
| 043 | _aa-ph--- | ||
| 050 | 0 | 0 |
_aDS 686.614 _b.Aq657 1995 |
| 082 | 0 | 0 |
_aFIL 330.9599 _b.Aq657 1995 |
| 100 | 1 | _aAquino, Corazon Cojuangco. | |
| 245 | 1 | 0 |
_aIn the name of democracy and prayer _bAquino, Corazon C. |
| 246 | 3 | 0 | _aDemocracy and prayer |
| 246 | 3 | 0 | _aSelected speeches of Corazon C. Aquino |
| 260 |
_aPasig City, Philippines _bPublished and exclusively distributed by Anvil Pub. _cc1995 |
||
| 300 |
_a166 p., [16] p. of plates _bill. (some col.) _c23 cm. |
||
| 521 | _aCollege Students | ||
| 526 | _c1210L to 1700L | ||
| 541 | _j1 | ||
| 562 | _eFor Circulation. 1 Copy Available in the Collection | ||
| 651 | 0 |
_aPhilippines _xPolitics and government _y1986- |
|
| 710 | 1 |
_aPhilippines. _bPresident (1986-1992 : Aquino) |
|
| 906 |
_a7 _bcbc _corigode _d3 _encip _f19 _gy-gencatlg |
||
| 942 |
_2lcc _cBK _kFIL |
||
| 999 |
_c17024 _d17024 |
||